National Geographic picture atlas of our world. (Record no. 114376)
[ view plain ]
| 000 -LEADER | |
|---|---|
| fixed length control field | 00506nam a2200145 a 4500 |
| 005 - DATE AND TIME OF LATEST TRANSACTION | |
| control field | 20140414132058.0 |
| 008 - FIXED-LENGTH DATA ELEMENTS--GENERAL INFORMATION | |
| fixed length control field | 110725s19uu xx 00 eng d |
| 020 ## - INTERNATIONAL STANDARD BOOK NUMBER | |
| International Standard Book Number | 0870448129 |
| 050 ## - LIBRARY OF CONGRESS CALL NUMBER | |
| Classification number | REF 912 |
| Item number | N19 1990 |
| 245 ## - TITLE STATEMENT | |
| Title | National Geographic picture atlas of our world. |
| 260 ## - PUBLICATION, DISTRIBUTION, ETC. (IMPRINT) | |
| Place of publication, distribution, etc | Washington, D.C : |
| Name of publisher, distributor, etc | National Geographic, |
| Date of publication, distribution, etc | 1990. |
| 520 ## - SUMMARY, ETC. | |
| Summary, etc | Maps and text provide information on the geography, industries, and other vital facts of the countries of the world. |
| 650 ## - SUBJECT ADDED ENTRY--TOPICAL TERM | |
| Topical term or geographic name as entry element | Atlases |
| Withdrawn status | Lost status | Damaged status | Home library | Current library | Shelving location | Date acquired | Source of acquisition | Total Checkouts | Full call number | Barcode | Date last seen | Price effective from | Koha item type |
|---|---|---|---|---|---|---|---|---|---|---|---|---|---|
| Munich Library | Munich Library | Reference Section | 07/25/2011 | REF 912 N19 1990 | M6185 | 04/14/2014 | 04/14/2014 | Books |